| 000 | 00492nam a22001457a 4500 | ||
|---|---|---|---|
| 008 | 181128b xxu||||| |||| 00| 0 eng d | ||
| 020 | _a0435905481 | ||
| 050 | _aAFR PR 9381.9 .N45R5 2017 | ||
| 100 | _aNgugi wa Thiong'o | ||
| 245 |
_aThe River Between/ _cNgugi wa Thiong'o |
||
| 260 |
_aKenya: _bEast African Educational Publishers LTD, _c2017. |
||
| 300 |
_a148p. _c17 cm |
||
| 650 | _aFiction | ||
| 942 |
_2lcc _cAFRICANA _hAFR PR 9381.9 .N45R5 2017 _01 |
||
| 999 |
_c29956 _d29956 |
||